I Feel Proud : (Record no. 182300)

MARC details
000 -LEADER
fixed length control field 01947nam a22003612i 4500
003 - CONTROL NUMBER IDENTIFIER
control field OSt
005 - DATE AND TIME OF LATEST TRANSACTION
control field 20210228124645.0
008 - FIXED-LENGTH DATA ELEMENTS--GENERAL INFORMATION
fixed length control field 210228t20202020enka|||jr|||| 000 0 eng d
020 ## - INTERNATIONAL STANDARD BOOK NUMBER
International Standard Book Number 9780241439593
Terms of availability RM 28.95
Qualifying information hardback
040 ## - CATALOGING SOURCE
Original cataloging agency PPAK
Language of cataloging eng
Transcribing agency PPAK
Description conventions rda
082 04 - DEWEY DECIMAL CLASSIFICATION NUMBER
Edition number 23
Classification number 152.4
090 00 - LOCALLY ASSIGNED LC-TYPE CALL NUMBER (OCLC); LOCAL CALL NUMBER (RLIN)
Classification number (OCLC) (R) ; Classification number, CALL (RLIN) (NR) 152.4
Feature heading IFE
Feature heading K
245 00 - TITLE STATEMENT
Title I Feel Proud :
Remainder of title Why do I feel proud today? /
Statement of responsibility, etc. Consultant, Teresa Day ; Editor, Sophie Parkes.
264 #1 - PRODUCTION, PUBLICATION, DISTRIBUTION, MANUFACTURE, AND COPYRIGHT NOTICE
Place of production, publication, distribution, manufacture London :
Name of producer, publisher, distributor, manufacturer Dorling Kindersley,
Date of production, publication, distribution, manufacture, or copyright notice 2020.
Date of production, publication, distribution, manufacture, or copyright notice ©2020
300 ## - PHYSICAL DESCRIPTION
Extent 1 volume (unpaged) :
Other physical details colour illustrations ;
Dimensions 18 cm.
336 ## - CONTENT TYPE
Content type term text
Source rdacontent
Content type term still image
Source rdacontent
337 ## - MEDIA TYPE
Media type term unmediated
Source rdamedia
338 ## - CARRIER TYPE
Carrier type term volume
Source rdacarrier
490 0# - SERIES STATEMENT
Series statement First emotions
500 ## - GENERAL NOTE
General note On board pages.
520 ## - SUMMARY, ETC.
Summary, etc. Help young children develop emotional intelligence, feel proud of themselves, and celebrate their achievements with this illustrated board book. I Feel Proud encourages children to embrace their talents and grow their confidence from an early age. This colorful board book provides a starting point for children to reflect on what they are proud of, whether it's a baby sibling or an amazing drawing. It also warns against the dangers of being overly confident and diminishing the achievements of other people, helping young children develop this important life skill. Cute illustrations paired with minimal text, as well as an inspirational message, make I Feel Proud the ideal first book for little ones. This board book also makes an ideal gift for young children in <br/>your life, encouraging them to be proud of who they are.
521 ## - TARGET AUDIENCE NOTE
Target audience note Preschool.
650 10 - SUBJECT ADDED ENTRY--TOPICAL TERM
Topical term or geographic name entry element Emotions
Form subdivision Juvenile literature.
Topical term or geographic name entry element Confidence
Form subdivision Juvenile literature.
655 #0 - INDEX TERM--GENRE/FORM
Genre/form data or focus term Board books.
Genre/form data or focus term Picture books.
Source of term lcgft
700 1# - ADDED ENTRY--PERSONAL NAME
Personal name Day, Teresa,
Relator term consultant.
Personal name Parkes, Sophie,
Relator term editor.
830 #1 - SERIES ADDED ENTRY--UNIFORM TITLE
Uniform title First emotions
942 ## - ADDED ENTRY ELEMENTS (KOHA)
Source of classification or shelving scheme Dewey Decimal Classification
Koha item type Book
Holdings
Withdrawn Not for loan Current library Shelving location Date acquired Total Checkouts Total Renewals Full call number Barcode Date last seen Date last checked out Koha item type Checked out
    Perpustakaan Alor Setar Pinjaman Kanak-kanak 20/04/2021 7 2 K 152.4 IFE A01685327 23/09/2024 17/07/2024 Book  
    Perpustakaan Awam Sungai Petani Pinjaman Kanak-kanak 20/04/2021 20 3 K 152.4 IFE A01685328 14/06/2026 14/06/2026 Book 06/07/2026
    Perpustakaan Baling Pinjaman Kanak-kanak 20/04/2021 8 1 K 152.4 IFE A01685330 10/09/2025 16/08/2025 Book  
    Perpustakaan Bandar Baharu Pinjaman Kanak-kanak 20/04/2021 5   K 152.4 IFE A01685331 18/06/2026 11/06/2026 Book  
    Perpustakaan Kulim Pinjaman Kanak-kanak 20/04/2021 14 1 K 152.4 IFE A01685329 10/05/2026 21/09/2025 Book